Las ánforas pùnicas de Ibiza

محفوظ في:
التفاصيل البيبلوغرافية
المؤلف الرئيسي: Ramón, J (مؤلف)
التنسيق: كتاب
اللغة:الإسبانية
منشور في: Ibiza Govern Balear 1991
سلاسل:Trabajos del Museo Arqueológico de Ibiza, 23
الموضوعات:
الوسوم: إضافة وسم
لا توجد وسوم, كن أول من يضع وسما على هذه التسجيلة!

MARC

LEADER 00000nam a2200000 a 4500
001 UCP7829
003 CL-VaPUC
008 000106e19910000SP |||||||||||||||||spa|d
082 0 4 |a 930.146  |b RAM  |2 21 
100 0 |a Ramón, J  |e author  |9 437436 
245 1 4 |a Las ánforas pùnicas de Ibiza 
300 |a p. irreg 
942 |c BK 
945 |d 20000106 00:00:00  |a rherrera 
260 |a Ibiza  |b Govern Balear  |c 1991 
650 0 |a Arqueología   |9 265619 
650 0 |a ceramica  |9 262882 
650 7 |a PUNICOS  |2 CL-VaPUC  |9 437437 
650 0 |a Arte púnico  |9 437438 
651 7 |a IBIZA  |2 CL-VaPUC  |9 437439 
651 0 |a España  |9 254926 
583 |a last modification  |c 20000106 00:00:00  |k Rodrigo Vera 
490 0 |a Trabajos del Museo Arqueológico de Ibiza, 23 
999 |c 284871  |d 284869 
952 |0 0  |1 0  |4 0  |6 930_146000000000000_RAM_1991  |7 0  |8 A  |9 329170  |a BIBHIS  |b BIBHIS  |d 2019-11-20  |i 1379674  |o 930.146 RAM 1991  |p 1379674  |r 2025-01-20  |w 2019-11-20  |y BK  |k HIS